000 00263nam a2200121 i 4500
001 bg
245 0 _aDas Akküngsbuch für den Inginieur.
260 _aEssen,
_c1969.
040 _cBPK
041 _apol
942 _cKS
008 s pl f |000 0 pol
999 _c8627
_d8627
856 _uhttp://koha.tu.koszalin.pl/cgi-bin/koha/opac-detail.pl?biblionumber=8627
_yKatalog online BPK